000 00301nam a22001337a 4500
008 180115b xxu||||| |||| 00| 0 eng d
020 _a9781578593057
041 _aeng
080 _a53
100 _a43
101 _aFIZ
245 _aThe handy physics answer book
_cZitzewitz,P.W
942 _2udc
_cBK
999 _c40311
_d40311